000
00302nam a2200109Ia 4500
008
190912s9999||||xx |||||||||||||| ||und||
100
_a
Eugene Diulio
245
0
_a
Schaum's Outline Series Theory and Problems of Macroeconomic
260
_a
New York
_b
Tata McGraw Hill
_c
2003
300
_a
290
942
_c
BK
999
_c
7820
_d
7820